[Event "World Youth & Cadets Rapid Championships"]
[Site "Rhodes, Greece"]
[Date "2022.05.02"]
[Round "6.11"]
[White "Sapenov, Daniyal"]
[Black "Lavrencic, Matic"]
[Result "1-0"]
[TimeControl "10'/game & 5\"/move"]
[WhiteElo "1848"]
[BlackElo "1917"]

1. d4 {[%clk 00:10:09]} {[%emt 00:11:44]} Nf6 {[%clk 00:10:07]} {[%emt
00:00:03]} 2. c4 {[%clk 00:10:12]} {[%emt 00:00:03]} e6 {[%clk 00:10:10]}
{[%emt 00:00:02]} 3. Nf3 {[%clk 00:10:14]} {[%emt 00:00:03]} d5 {[%clk
00:10:13]} {[%emt 00:00:02]} 4. g3 {[%clk 00:10:17]} {[%emt 00:00:01]} dxc4
{[%clk 00:10:17]} {[%emt 00:00:02]} 5. Bg2 {[%clk 00:10:21]} {[%emt 00:00:01]}
c5 {[%clk 00:10:21]} {[%emt 00:00:02]} 6. O-O {[%clk 00:10:22]} {[%emt
00:00:04]} Nc6 {[%clk 00:10:23]} {[%emt 00:00:03]} 7. Qa4 {[%clk 00:10:24]}
{[%emt 00:00:02]} Bd7 {[%clk 00:10:25]} {[%emt 00:00:03]} 8. Qxc4 {[%clk
00:10:24]} {[%emt 00:00:05]} b5 {[%clk 00:10:29]} {[%emt 00:00:02]} 9. Qd3
{[%clk 00:10:27]} {[%emt 00:00:02]} c4 {[%clk 00:10:32]} {[%emt 00:00:02]} 10.
Qc2 {[%clk 00:10:29]} {[%emt 00:00:01]} Rc8 {[%clk 00:10:36]} {[%emt 00:00:02]}
11. e4 {[%clk 00:10:24]} {[%emt 00:00:11]} Be7 {[%clk 00:10:28]} {[%emt
00:00:12]} 12. Rd1 {[%clk 00:10:19]} {[%emt 00:00:10]} O-O {[%clk 00:10:23]}
{[%emt 00:00:10]} 13. Qe2 {[%clk 00:10:03]} {[%emt 00:00:21]} Nb4 {[%clk
00:10:19]} {[%emt 00:00:09]} 14. Ne5 {[%clk 00:09:49]} {[%emt 00:00:19]} Qc7
{[%clk 00:09:27]} {[%emt 00:00:57]} 15. Nc3 {[%clk 00:09:43]} {[%emt 00:00:11]}
a6 {[%clk 00:09:29]} {[%emt 00:00:03]} 16. Bf4 {[%clk 00:09:32]} {[%emt
00:00:16]} Qa7 {[%clk 00:09:19]} {[%emt 00:00:15]} 17. a3 {[%clk 00:09:26]}
{[%emt 00:00:11]} Nc6 {[%clk 00:09:22]} {[%emt 00:00:02]} 18. Nxc6 {[%clk
00:08:17]} {[%emt 00:01:14]} Bxc6 {[%clk 00:09:21]} {[%emt 00:00:06]} 19. d5
{[%clk 00:08:20]} {[%emt 00:00:02]} Ba8 {[%clk 00:08:53]} {[%emt 00:00:34]} 20.
d6 {[%clk 00:04:11]} {[%emt 00:04:14]} Bd8 {[%clk 00:08:56]} {[%emt 00:00:02]}
21. Be3 {[%clk 00:04:15]} {[%emt 00:00:01]} Bb6 {[%clk 00:08:35]} {[%emt
00:00:25]} 22. Bxb6 {[%clk 00:04:17]} {[%emt 00:00:03]} Qxb6 {[%clk 00:08:38]}
{[%emt 00:00:02]} 23. e5 {[%clk 00:03:49]} {[%emt 00:00:33]} Bxg2 {[%clk
00:08:41]} {[%emt 00:00:02]} 24. Kxg2 {[%clk 00:02:45]} {[%emt 00:01:09]} Qc6+
{[%clk 00:08:44]} {[%emt 00:00:02]} 25. Kg1 {[%clk 00:02:20]} {[%emt 00:00:30]}
Nd7 {[%clk 00:08:41]} {[%emt 00:00:08]} 26. Rd4 {[%clk 00:01:49]} {[%emt
00:00:36]} Qc5 {[%clk 00:08:15]} {[%emt 00:00:31]} 27. Re4 {[%clk 00:01:50]}
{[%emt 00:00:03]} a5 {[%clk 00:08:18]} {[%emt 00:00:03]} 28. Rc1 {[%clk
00:01:43]} {[%emt 00:00:13]} Qc6 {[%clk 00:07:25]} {[%emt 00:00:58]} 29. Rd4
{[%clk 00:00:58]} {[%emt 00:00:49]} Nc5 {[%clk 00:06:32]} {[%emt 00:00:58]} 30.
Rcd1 {[%clk 00:01:03]} Nd3 {[%clk 00:05:49]} {[%emt 00:00:48]} 31. R1xd3 {[%clk
00:00:42]} {[%emt 00:00:26]} cxd3 {[%clk 00:05:48]} {[%emt 00:00:05]} 32. Qxd3
{[%clk 00:00:46]} Rb8 {[%clk 00:05:35]} {[%emt 00:00:18]} 33. Ne4 {[%clk
00:00:36]} {[%emt 00:00:15]} Qc1+ {[%clk 00:05:21]} {[%emt 00:00:20]} 34. Kg2
{[%clk 00:00:40]} {[%emt 00:00:01]} Qxb2 {[%clk 00:04:12]} {[%emt 00:01:13]} 35.
Qe3 {[%clk 00:00:43]} {[%emt 00:00:02]} Qc2 {[%clk 00:03:49]} {[%emt 00:00:28]}
36. Qg5 {[%clk 00:00:37]} {[%emt 00:00:12]} Kh8 {[%clk 00:03:26]} {[%emt
00:00:28]} 37. d7 {[%clk 00:00:32]} {[%emt 00:00:10]} Rbd8 {[%clk 00:03:15]}
{[%emt 00:00:15]} 38. Qe7 {[%clk 00:00:27]} {[%emt 00:00:11]} Qc6 {[%clk
00:03:17]} {[%emt 00:00:02]} 39. Kh3 {[%clk 00:00:29]} {[%emt 00:00:03]} Kg8
{[%clk 00:02:29]} {[%emt 00:00:54]} 40. Nf6+ {[%clk 00:00:28]} {[%emt
00:00:05]} Kh8 {[%clk 00:01:52]} {[%emt 00:00:42]} 41. Qxf8+ {[%clk 00:00:32]}
{[%emt 00:00:01]} Rxf8 {[%clk 00:01:54]} {[%emt 00:00:04]} 42. d8=Q Qc8 {[%clk
00:01:37]} {[%emt 00:00:22]} 43. Qxc8 {[%clk 00:00:35]} {[%emt 00:00:06]} Rxc8
{[%clk 00:01:40]} {[%emt 00:00:01]} 44. Ne4 {[%clk 00:00:37]} {[%emt 00:00:03]}
h6 {[%clk 00:01:39]} {[%emt 00:00:07]} 45. Nd6 {[%clk 00:00:40]} {[%emt
00:00:02]} Rc5 {[%clk 00:01:37]} {[%emt 00:00:07]} 46. f4 {[%clk 00:00:37]}
{[%emt 00:00:07]} Kg8 {[%clk 00:01:33]} {[%emt 00:00:09]} 47. Rd3 {[%clk
00:00:41]} {[%emt 00:00:02]} b4 {[%clk 00:01:23]} {[%emt 00:00:15]} 48. axb4
{[%clk 00:00:44]} axb4 {[%clk 00:01:27]} {[%emt 00:00:01]} 49. Rb3 {[%clk
00:00:48]} f6 {[%clk 00:01:27]} {[%emt 00:00:05]} 50. exf6 {[%clk 00:00:47]}
{[%emt 00:00:06]} Rd5 {[%clk 00:01:23]} {[%emt 00:00:10]} 51. Ne4 {[%clk
00:00:43]} {[%emt 00:00:08]} Rd4 {[%clk 00:01:25]} {[%emt 00:00:03]} 52. Nc5
{[%clk 00:00:47]} {[%emt 00:00:01]} gxf6 {[%clk 00:01:19]} {[%emt 00:00:11]} 53.
Nd3 {[%clk 00:00:51]} Kf7 {[%emt 00:00:14]} 54. Nxb4 {[%clk 00:00:55]} {[%emt
00:00:01]} Kg6 {[%clk 00:01:15]} {[%emt 00:00:01]} 55. Nd3 {[%clk 00:00:53]}
{[%emt 00:00:06]} h5 {[%clk 00:01:18]} {[%emt 00:00:02]} 56. Kg2 {[%clk
00:00:52]} {[%emt 00:00:06]} Kf5 {[%clk 00:01:07]} {[%emt 00:00:16]} 57. Rb5+
{[%clk 00:00:56]} e5 {[%clk 00:00:55]} {[%emt 00:00:17]} 58. Nxe5 {[%clk
00:00:29]} {[%emt 00:00:32]} Rd2+ {[%clk 00:00:59]} {[%emt 00:00:01]} 59. Kf3
{[%clk 00:00:24]} {[%emt 00:00:10]} fxe5 60. Rxe5+ {[%clk 00:00:27]} Kg6 {[%clk
00:00:31]} {[%emt 00:00:02]} 61. Re2 {[%clk 00:00:31]} Rd3+ {[%clk 00:00:35]}
{[%emt 00:00:02]} 62. Kg2 {[%clk 00:00:35]} Kf5 {[%clk 00:00:37]} {[%emt
00:00:04]} 63. Re5+ {[%clk 00:00:39]} Kg6 {[%clk 00:00:41]} 64. h3 {[%clk
00:00:40]} {[%emt 00:00:04]} Rd2+ {[%clk 00:00:45]} {[%emt 00:00:01]} 65. Kg1
{[%clk 00:00:44]} Rd3 {[%clk 00:00:37]} {[%emt 00:00:14]} 66. Kf2 {[%clk
00:00:46]} {[%emt 00:00:03]} Rd2+ {[%clk 00:00:41]} {[%emt 00:00:01]} 67. Re2
{[%clk 00:00:46]} {[%emt 00:00:04]} Rd3 {[%clk 00:00:46]} 68. Re3 {[%clk
00:00:35]} {[%emt 00:00:17]} Rd4 {[%clk 00:00:41]} {[%emt 00:00:10]} 69. Kf3
{[%clk 00:00:37]} {[%emt 00:00:02]} Rd1 {[%clk 00:00:40]} {[%emt 00:00:06]} 70.
g4 {[%clk 00:00:39]} {[%emt 00:00:03]} h4 {[%clk 00:00:43]} {[%emt 00:00:03]}
71. Re6+ {[%clk 00:00:34]} {[%emt 00:00:10]} Kg7 {[%clk 00:00:47]} {[%emt
00:00:01]} 72. g5 {[%clk 00:00:35]} {[%emt 00:00:04]} Rg1 {[%clk 00:00:48]}
{[%emt 00:00:03]} 73. Ke4 {[%clk 00:00:33]} {[%emt 00:00:07]} Rg3 {[%clk
00:00:45]} {[%emt 00:00:08]} 74. Kf5 {[%clk 00:00:34]} {[%emt 00:00:04]} Rxh3
{[%clk 00:00:46]} {[%emt 00:00:04]} 75. Re7+ {[%clk 00:00:39]} Kf8 {[%clk
00:00:49]} {[%emt 00:00:02]} 76. Rh7 {[%clk 00:00:42]} Kg8 {[%clk 00:00:35]}
{[%emt 00:00:20]} 77. g6 {[%clk 00:00:46]} Rh1 {[%clk 00:00:35]} {[%emt
00:00:05]} 78. Kf6 {[%clk 00:00:48]} {[%emt 00:00:03]} Ra1 {[%clk 00:00:24]}
{[%emt 00:00:16]} 79. Rxh4 {[%clk 00:00:51]} {[%emt 00:00:03]} Ra6+ {[%clk
00:00:28]} 80. Kg5 {[%clk 00:00:55]} {[%emt 00:00:01]} Kg7 {[%clk 00:00:32]}
{[%emt 00:00:01]} 81. Rh7+ {[%clk 00:00:59]} Kg8 {[%clk 00:00:36]} {[%emt
00:00:01]} 82. f5 {[%clk 00:01:03]} {[%emt 00:00:01]} Ra5 {[%clk 00:00:40]} 83.
Re7 {[%clk 00:01:07]} {[%emt 00:00:02]} Kf8 {[%clk 00:00:44]} {[%emt 00:00:01]}
84. Re6 {[%clk 00:01:05]} {[%emt 00:00:06]} Rb5 {[%clk 00:00:46]} {[%emt
00:00:03]} 85. Kf6 {[%clk 00:01:08]} {[%emt 00:00:03]} Ra5 {[%clk 00:00:49]}
{[%emt 00:00:02]} 86. g7+ {[%clk 00:01:11]} {[%emt 00:00:01]} 1-0

[Event "World Youth & Cadets Rapid Championships"]
[Site "Rhodes, Greece"]
[Date "2022.05.02"]
[Round "6.12"]
[White "Garsky, Vladyslav"]
[Black "Krawczyk, Flawian"]
[Result "0-1"]
[TimeControl "10'/game & 5\"/move"]
[WhiteElo "1823"]
[BlackElo "1835"]

1. b4 {[%clk 00:10:08]} {[%emt 00:00:01]} e5 {[%clk 00:09:53]} {[%emt
00:00:18]} 2. Bb2 {[%clk 00:10:12]} {[%emt 00:00:01]} Bxb4 {[%clk 00:09:56]}
{[%emt 00:00:02]} 3. Bxe5 {[%clk 00:10:15]} {[%emt 00:00:01]} Nf6 {[%clk
00:10:00]} {[%emt 00:00:01]} 4. Nf3 {[%clk 00:10:16]} {[%emt 00:00:04]} Nc6
{[%clk 00:10:05]} 5. Bb2 {[%clk 00:10:20]} {[%emt 00:00:01]} O-O {[%clk
00:10:08]} {[%emt 00:00:02]} 6. e3 {[%clk 00:10:24]} d5 {[%clk 00:10:12]}
{[%emt 00:00:02]} 7. Be2 {[%clk 00:10:26]} {[%emt 00:00:03]} h6 {[%clk
00:10:14]} {[%emt 00:00:02]} 8. O-O {[%clk 00:10:28]} {[%emt 00:00:02]} Be6
{[%clk 00:10:19]} {[%emt 00:00:02]} 9. d3 {[%clk 00:10:28]} {[%emt 00:00:05]}
Qe7 {[%clk 00:09:57]} {[%emt 00:00:26]} 10. a3 {[%clk 00:10:13]} {[%emt
00:00:20]} Bd6 {[%clk 00:10:01]} {[%emt 00:00:02]} 11. Nbd2 {[%clk 00:10:17]}
{[%emt 00:00:01]} Rad8 {[%clk 00:09:56]} {[%emt 00:00:10]} 12. d4 {[%clk
00:09:53]} {[%emt 00:00:29]} Nb8 {[%clk 00:09:04]} {[%emt 00:00:57]} 13. c4
{[%clk 00:09:53]} {[%emt 00:00:04]} c6 {[%clk 00:09:09]} 14. Qb3 {[%clk
00:09:46]} {[%emt 00:00:12]} dxc4 {[%clk 00:08:58]} {[%emt 00:00:16]} 15. Bxc4
{[%clk 00:09:45]} {[%emt 00:00:06]} Nd5 {[%clk 00:08:36]} {[%emt 00:00:27]} 16.
e4 {[%clk 00:09:12]} {[%emt 00:00:37]} Nb6 {[%clk 00:07:18]} {[%emt 00:01:23]}
17. Bxe6 {[%clk 00:09:14]} {[%emt 00:00:03]} fxe6 {[%clk 00:07:06]} {[%emt
00:00:16]} 18. a4 {[%clk 00:09:09]} {[%emt 00:00:11]} Bc7 {[%clk 00:06:50]}
{[%emt 00:00:22]} 19. a5 {[%clk 00:09:07]} {[%emt 00:00:07]} Nc8 {[%clk
00:06:54]} 20. Qxb7 {[%clk 00:08:43]} {[%emt 00:00:28]} Bxh2+ {[%clk 00:06:57]}
{[%emt 00:00:03]} 0-1

[Event "World Youth & Cadets Rapid Championships"]
[Site "Rhodes, Greece"]
[Date "2022.05.02"]
[Round "6.13"]
[White "Karvatskyi, Oleksii"]
[Black "Erdogmus, Yagiz Kaan"]
[Result "1-0"]
[TimeControl "10'/game & 5\"/move"]
[WhiteElo "1919"]
[BlackElo "1442"]

1. e4 {[%clk 00:10:09]} {[%emt 00:00:02]} c5 {[%clk 00:10:08]} {[%emt
00:00:03]} 2. b3 {[%clk 00:10:13]} {[%emt 00:00:01]} g6 {[%clk 00:10:11]}
{[%emt 00:00:02]} 3. Bb2 {[%clk 00:10:16]} {[%emt 00:00:02]} Nf6 {[%clk
00:10:14]} {[%emt 00:00:01]} 4. e5 {[%clk 00:10:19]} {[%emt 00:00:02]} Nd5
{[%clk 00:10:17]} {[%emt 00:00:02]} 5. h4 {[%clk 00:10:18]} {[%emt 00:00:06]}
Bg7 {[%clk 00:10:11]} {[%emt 00:00:12]} 6. h5 {[%clk 00:10:11]} {[%emt
00:00:11]} Nc6 {[%clk 00:10:06]} {[%emt 00:00:10]} 7. Nf3 {[%clk 00:10:10]}
{[%emt 00:00:06]} d6 {[%clk 00:10:08]} {[%emt 00:00:03]} 8. Nc3 {[%clk
00:08:34]} {[%emt 00:01:41]} Nxc3 9. Bxc3 {[%clk 00:08:36]} dxe5 {[%clk
00:10:14]} {[%emt 00:00:02]} 10. Bb5 {[%clk 00:08:34]} {[%emt 00:00:08]} Qd6
{[%clk 00:09:01]} {[%emt 00:01:18]} 11. Qe2 {[%clk 00:08:06]} {[%emt 00:00:33]}
Bg4 {[%clk 00:06:47]} {[%emt 00:02:19]} 12. hxg6 {[%clk 00:08:02]} {[%emt
00:00:08]} hxg6 {[%clk 00:06:01]} {[%emt 00:00:52]} 13. Rxh8+ {[%emt 00:00:17]}
Bxh8 {[%clk 00:06:05]} 14. O-O-O {[%clk 00:07:19]} {[%emt 00:00:36]} O-O-O
{[%clk 00:05:22]} {[%emt 00:00:48]} 15. Bxc6 {[%clk 00:06:49]} {[%emt
00:00:34]} Qxc6 {[%clk 00:05:03]} {[%emt 00:00:24]} 16. Bxe5 {[%clk 00:06:12]}
{[%emt 00:00:43]} Bf6 {[%clk 00:04:08]} {[%emt 00:01:00]} 17. Qe3 {[%clk
00:05:24]} {[%emt 00:00:52]} Bxf3 {[%clk 00:01:56]} {[%emt 00:02:18]} 18. gxf3
{[%clk 00:05:25]} {[%emt 00:00:04]} Rd5 {[%clk 00:02:00]} {[%emt 00:00:02]} 19.
f4 {[%clk 00:04:23]} {[%emt 00:01:07]} Qe6 {[%clk 00:02:01]} {[%emt 00:00:03]}
20. c4 {[%clk 00:04:10]} {[%emt 00:00:18]} Rd7 {[%clk 00:00:28]} {[%emt
00:01:38]} 21. Qxc5+ {[%clk 00:04:11]} {[%emt 00:00:04]} Kd8 {[%clk 00:00:31]}
{[%emt 00:00:03]} 22. Qxa7 {[%clk 00:03:41]} {[%emt 00:00:35]} Bxe5 {[%clk
00:00:33]} {[%emt 00:00:03]} 23. Qa5+ {[%clk 00:03:34]} {[%emt 00:00:12]} b6
{[%clk 00:00:22]} {[%emt 00:00:16]} 24. Qxe5 {[%clk 00:03:35]} {[%emt
00:00:03]} Qxe5 {[%clk 00:00:26]} 25. fxe5 {[%clk 00:03:39]} {[%emt 00:00:02]}
Rd3 {[%clk 00:00:30]} 26. Re1 {[%clk 00:03:08]} {[%emt 00:00:36]} Rd4 {[%clk
00:00:23]} {[%emt 00:00:13]} 27. Re3 {[%clk 00:02:57]} {[%emt 00:00:15]} Kd7
{[%clk 00:00:23]} {[%emt 00:00:05]} 28. Kc2 {[%clk 00:02:48]} {[%emt 00:00:14]}
Rf4 {[%clk 00:00:18]} {[%emt 00:00:11]} 29. f3 {[%clk 00:02:48]} {[%emt
00:00:05]} Rh4 {[%clk 00:00:15]} {[%emt 00:00:07]} 30. Kc3 {[%clk 00:02:47]}
{[%emt 00:00:07]} g5 {[%clk 00:00:11]} {[%emt 00:00:08]} 31. d4 {[%clk
00:02:23]} {[%emt 00:00:29]} Rh3 {[%clk 00:00:10]} {[%emt 00:00:06]} 32. Kd3
{[%clk 00:02:18]} {[%emt 00:00:10]} f5 {[%clk 00:00:06]} {[%emt 00:00:09]} 33.
exf6 {[%clk 00:02:15]} {[%emt 00:00:08]} exf6 {[%clk 00:00:10]} 34. Ke4 {[%clk
00:02:14]} {[%emt 00:00:06]} Rh4+ {[%clk 00:00:11]} {[%emt 00:00:05]} 35. Kd3
{[%clk 00:01:33]} {[%emt 00:00:45]} Rh3 {[%clk 00:00:11]} {[%emt 00:00:06]} 36.
Ke4 {[%clk 00:01:16]} {[%emt 00:00:21]} Rh4+ {[%clk 00:00:15]} {[%emt
00:00:01]} 37. Kf5 {[%clk 00:01:20]} Rf4+ {[%clk 00:00:13]} {[%emt 00:00:07]}
38. Kg6 {[%clk 00:01:24]} {[%emt 00:00:02]} g4 {[%clk 00:00:16]} {[%emt
00:00:02]} 39. fxg4 {[%clk 00:01:24]} {[%emt 00:00:05]} Rxg4+ {[%clk 00:00:19]}
{[%emt 00:00:01]} 40. Kxf6 {[%clk 00:01:28]} {[%emt 00:00:02]} Rxd4 {[%clk
00:00:23]} 41. Ke5 {[%clk 00:01:25]} {[%emt 00:00:07]} Rd2 {[%clk 00:00:26]}
{[%emt 00:00:02]} 42. a3 {[%clk 00:01:19]} {[%emt 00:00:12]} Ra2 {[%clk
00:00:08]} {[%emt 00:00:20]} 43. b4 {[%clk 00:01:20]} {[%emt 00:00:06]} Rd2
{[%clk 00:00:10]} {[%emt 00:00:03]} 44. Ke4 {[%clk 00:01:20]} {[%emt 00:00:06]}
Rc2 {[%clk 00:00:07]} {[%emt 00:00:08]} 45. Kd4 {[%clk 00:01:18]} {[%emt
00:00:06]} Kc6 {[%clk 00:00:08]} {[%emt 00:00:04]} 46. Re6+ {[%clk 00:01:06]}
{[%emt 00:00:18]} Kc7 {[%clk 00:00:08]} {[%emt 00:00:05]} 47. Re3 {[%clk
00:01:04]} {[%emt 00:00:06]} Kc6 {[%clk 00:00:12]} {[%emt 00:00:02]} 48. b5+
{[%clk 00:00:54]} {[%emt 00:00:15]} Kd7 {[%clk 00:00:06]} {[%emt 00:00:10]} 49.
Rh3 {[%clk 00:00:49]} {[%emt 00:00:09]} Ra2 {[%emt 00:00:08]} 50. Rh6 {[%clk
00:00:44]} {[%emt 00:00:08]} Kc7 {[%clk 00:00:08]} {[%emt 00:00:04]} 51. Kd5
{[%clk 00:00:40]} {[%emt 00:00:08]} Rd2+ {[%clk 00:00:11]} {[%emt 00:00:02]} 52.
Ke4 {[%clk 00:00:39]} {[%emt 00:00:04]} Ra2 {[%clk 00:00:11]} {[%emt 00:00:07]}
53. Rh7+ {[%clk 00:00:25]} {[%emt 00:00:19]} Kd6 {[%clk 00:00:07]} {[%emt
00:00:10]} 54. Rb7 {[%clk 00:00:28]} {[%emt 00:00:02]} Kc5 {[%clk 00:00:06]}
{[%emt 00:00:05]} 55. Rc7+ {[%clk 00:00:32]} Kd6 {[%clk 00:00:11]} {[%emt
00:00:01]} 56. Rc6+ {[%clk 00:00:37]} Kd7 {[%clk 00:00:15]} 57. Rxb6 {[%clk
00:00:40]} {[%emt 00:00:02]} Rxa3 {[%clk 00:00:19]} {[%emt 00:00:01]} 58. Kd5
{[%clk 00:00:41]} {[%emt 00:00:03]} Rd3+ {[%clk 00:00:23]} {[%emt 00:00:02]} 59.
Kc5 {[%clk 00:00:44]} {[%emt 00:00:02]} Kc7 {[%clk 00:00:26]} {[%emt 00:00:02]}
60. Rh6 {[%clk 00:00:44]} {[%emt 00:00:04]} Rg3 {[%clk 00:00:26]} {[%emt
00:00:04]} 61. Rh7+ {[%clk 00:00:47]} {[%emt 00:00:03]} Kc8 {[%clk 00:00:30]}
62. Rh6 {[%clk 00:00:30]} {[%emt 00:00:21]} Kb7 {[%clk 00:00:31]} {[%emt
00:00:06]} 63. Rh7+ {[%clk 00:00:30]} {[%emt 00:00:04]} Kc8 {[%clk 00:00:35]}
{[%emt 00:00:01]} 64. Kb6 {[%clk 00:00:29]} {[%emt 00:00:06]} Rg6+ {[%clk
00:00:35]} {[%emt 00:00:05]} 65. Ka5 {[%clk 00:00:32]} {[%emt 00:00:02]} Rg5
{[%clk 00:00:33]} {[%emt 00:00:07]} 66. Ka6 {[%clk 00:00:23]} {[%emt 00:00:14]}
Rg8 {[%clk 00:00:23]} {[%emt 00:00:15]} 67. Ka7 {[%clk 00:00:19]} {[%emt
00:00:09]} Rg5 {[%clk 00:00:13]} {[%emt 00:00:15]} 68. Kb6 {[%clk 00:00:12]}
{[%emt 00:00:09]} Rg6+ {[%clk 00:00:16]} {[%emt 00:00:05]} 69. Ka7 {[%clk
00:00:14]} {[%emt 00:00:03]} Rg5 {[%clk 00:00:17]} {[%emt 00:00:04]} 70. Rh8+
{[%clk 00:00:14]} {[%emt 00:00:05]} Kd7 {[%clk 00:00:21]} {[%emt 00:00:01]} 71.
b6 {[%clk 00:00:14]} {[%emt 00:00:05]} Ra5+ {[%clk 00:00:24]} {[%emt 00:00:02]}
72. Kb7 {[%clk 00:00:18]} {[%emt 00:00:01]} Rc5 {[%clk 00:00:28]} 73. Rh4
{[%clk 00:00:18]} {[%emt 00:00:05]} Kd6 {[%clk 00:00:28]} {[%emt 00:00:05]} 74.
Rd4+ {[%clk 00:00:18]} {[%emt 00:00:05]} Ke5 {[%clk 00:00:26]} {[%emt
00:00:07]} 75. Rd5+ {[%clk 00:00:21]} {[%emt 00:00:02]} 1-0

[Event "World Youth & Cadets Rapid Championships"]
[Site "Rhodes, Greece"]
[Date "2022.05.02"]
[Round "6.14"]
[White "Kuru, Atilla"]
[Black "Bogdanov, Artyom"]
[Result "1-0"]
[TimeControl "10'/game & 5\"/move"]
[WhiteElo "2023"]
[BlackElo "1450"]

1. c4 {[%clk 00:10:08]} {[%emt 00:00:01]} e5 {[%clk 00:10:08]} {[%emt
00:00:02]} 2. Nc3 {[%clk 00:10:12]} {[%emt 00:00:02]} Nf6 {[%clk 00:10:11]}
{[%emt 00:00:02]} 3. g3 {[%clk 00:10:15]} {[%emt 00:00:02]} Bb4 {[%clk
00:10:13]} {[%emt 00:00:02]} 4. Bg2 {[%clk 00:10:18]} {[%emt 00:00:02]} O-O
{[%clk 00:10:15]} {[%emt 00:00:03]} 5. e4 {[%clk 00:10:21]} {[%emt 00:00:02]}
d6 {[%clk 00:10:16]} {[%emt 00:00:05]} 6. Nge2 {[%clk 00:10:18]} {[%emt
00:00:08]} Nc6 {[%emt 00:00:33]} 7. O-O {[%clk 00:10:17]} {[%emt 00:00:02]} Bc5
{[%clk 00:09:20]} 8. h3 {[%clk 00:09:51]} {[%emt 00:01:08]} Be6 {[%clk
00:08:29]} 9. Nd5 {[%clk 00:09:30]} {[%emt 00:01:23]} Nd4 {[%emt 00:00:54]} 10.
Rb1 {[%clk 00:09:11]} {[%emt 00:00:20]} a5 {[%clk 00:06:58]} {[%emt 00:00:50]}
11. d3 {[%clk 00:07:38]} {[%emt 00:01:37]} c6 {[%clk 00:07:01]} {[%emt
00:00:02]} 12. Nxf6+ {[%clk 00:07:40]} {[%emt 00:00:03]} Qxf6 {[%clk 00:07:03]}
{[%emt 00:00:03]} 13. Nc3 {[%clk 00:07:42]} {[%emt 00:00:03]} Qg6 {[%clk
00:05:34]} {[%emt 00:01:34]} 14. Kh2 {[%clk 00:07:43]} {[%emt 00:00:04]} f5
{[%clk 00:04:38]} {[%emt 00:01:02]} 15. f4 {[%clk 00:07:46]} {[%emt 00:00:01]}
Rad8 {[%clk 00:03:26]} {[%emt 00:01:18]} 16. a3 {[%clk 00:07:36]} {[%emt
00:00:15]} fxe4 {[%clk 00:02:38]} {[%emt 00:00:53]} 17. Nxe4 {[%clk 00:07:33]}
{[%emt 00:00:09]} Bb6 {[%clk 00:02:30]} {[%emt 00:00:13]} 18. Ng5 {[%clk
00:07:07]} {[%emt 00:00:29]} Bc8 {[%clk 00:02:03]} {[%emt 00:00:33]} 19. Nf3
{[%clk 00:06:30]} {[%emt 00:00:41]} Nxf3+ {[%clk 00:01:59]} {[%emt 00:00:10]}
20. Qxf3 {[%clk 00:06:30]} {[%emt 00:00:05]} Bf5 {[%clk 00:01:04]} {[%emt
00:01:01]} 21. Rd1 {[%clk 00:06:32]} {[%emt 00:00:03]} exf4 {[%clk 00:00:47]}
{[%emt 00:00:21]} 22. Bxf4 {[%clk 00:06:34]} {[%emt 00:00:02]} Rde8 {[%clk
00:00:43]} {[%emt 00:00:09]} 23. b4 {[%clk 00:06:30]} {[%emt 00:00:09]} a4
{[%clk 00:00:48]} 24. b5 {[%clk 00:06:20]} {[%emt 00:00:15]} Bd7 {[%clk
00:00:40]} {[%emt 00:00:13]} 25. Re1 {[%clk 00:06:01]} {[%emt 00:00:23]} Bc5
{[%clk 00:00:39]} {[%emt 00:00:06]} 26. Re4 {[%clk 00:05:48]} {[%emt 00:00:18]}
cxb5 {[%clk 00:00:34]} {[%emt 00:00:11]} 27. cxb5 {[%clk 00:05:47]} {[%emt
00:00:06]} Rxe4 {[%clk 00:00:31]} {[%emt 00:00:08]} 28. dxe4 {[%clk 00:05:32]}
{[%emt 00:00:19]} b6 {[%clk 00:00:36]} {[%emt 00:00:01]} 29. Qd3 {[%clk
00:05:24]} {[%emt 00:00:13]} Qe8 {[%clk 00:00:25]} {[%emt 00:00:15]} 30. Bxd6
{[%clk 00:05:19]} {[%emt 00:00:11]} Bxd6 {[%clk 00:00:17]} {[%emt 00:00:13]} 31.
Qxd6 {[%clk 00:05:22]} {[%emt 00:00:02]} Rf2 {[%clk 00:00:21]} {[%emt
00:00:01]} 32. Qd4 {[%clk 00:05:18]} {[%emt 00:00:09]} Rf8 {[%clk 00:00:11]}
{[%emt 00:00:14]} 33. Qxb6 {[%clk 00:05:14]} {[%emt 00:00:09]} Kh8 {[%clk
00:00:16]} 34. Qc5 {[%clk 00:05:11]} {[%emt 00:00:08]} Qf7 {[%clk 00:00:15]}
{[%emt 00:00:06]} 35. Rf1 {[%clk 00:05:14]} {[%emt 00:00:02]} Qxf1 {[%clk
00:00:17]} {[%emt 00:00:04]} 36. Bxf1 {[%clk 00:05:17]} {[%emt 00:00:01]} Rxf1
{[%clk 00:00:20]} {[%emt 00:00:02]} 37. Qd5 {[%clk 00:05:07]} {[%emt 00:00:13]}
Be8 {[%clk 00:00:18]} {[%emt 00:00:09]} 38. Qe6 {[%clk 00:05:00]} {[%emt
00:00:10]} Rf2+ {[%clk 00:00:16]} {[%emt 00:00:08]} 39. Kg1 {[%clk 00:05:04]}
{[%emt 00:00:02]} Rf8 {[%clk 00:00:20]} {[%emt 00:00:01]} 40. Qe7 {[%clk
00:05:06]} {[%emt 00:00:03]} Rg8 {[%clk 00:00:24]} {[%emt 00:00:01]} 41. b6
{[%clk 00:05:07]} {[%emt 00:00:04]} Bc6 {[%clk 00:00:27]} {[%emt 00:00:02]} 42.
b7 {[%clk 00:05:07]} {[%emt 00:00:05]} h6 {[%clk 00:00:19]} {[%emt 00:00:13]}
43. Qc7 {[%clk 00:05:10]} {[%emt 00:00:02]} Bxe4 {[%clk 00:00:22]} {[%emt
00:00:02]} 44. b8=Q {[%clk 00:05:11]} {[%emt 00:00:04]} Rxb8 {[%clk 00:00:23]}
{[%emt 00:00:05]} 45. Qxb8+ {[%clk 00:05:15]} {[%emt 00:00:01]} Kh7 {[%clk
00:00:27]} {[%emt 00:00:01]} 46. Qf4 {[%clk 00:05:15]} {[%emt 00:00:04]} Bc2
{[%clk 00:00:30]} {[%emt 00:00:02]} 47. Kf2 {[%clk 00:05:18]} {[%emt 00:00:02]}
Kg8 {[%clk 00:00:34]} {[%emt 00:00:01]} 48. Qc4+ {[%clk 00:05:21]} {[%emt
00:00:02]} 1-0